000 00782pam a2200265 a 4500
001 728866
005 20180302072702.0
008 981229s1999 ilua b 000 0 eng
010 _a 98052218
020 _a0736000089
035 _a(DLC) 98052218
040 _aDLC
_cDLC
_dDLC
041 _aeng
080 _a796.42 GER
082 0 0 _a796.42 GER
_221
100 1 _a8
101 _aEKZ
245 1 0 _aFundamentals of track and field /
_cGerry Carr.
504 _aIncludes bibliographical references (p. 283-284).
906 _a7
_bcbc
_corignew
_d1
_eocip
_f19
_gy-gencatlg
942 _2ddc
_cBK
999 _c44049
_d44049